Káťa a Škubánek /

Hlavní autor: Lamková, Hana, 1934-
Další autoři: Lamka, Josef, 1931-2009, Koutná, Libuše, Walterová, Marcela, 1949-
Jazyk: Čeština
Vydáno: Praha : Albatros, 2007
Vydání: 2. vyd.
Edice: Ahoj děti - Dobrou noc
Témata:
Externí odkaz: Digitalizovaný dokument
Fyzický popis: 59, [7] s. : barev. il. ; 27 cm
Knihy
Uloženo v:
LEADER 01720nam a2200445 a 4500
001 nkc20071780092
003 CZ PrNK
005 20100408094818.0
007 ta
008 080114s2007 xr a b 000 j cze
015 |a cnb001780092 
020 |a 978-80-00-02123-2  |q (váz.) 
035 |a (OCoLC)228598520 
040 |a ABA001  |b cze  |d BOA001 
072 7 |a 821.162.3-3  |x Česká próza  |2 Konspekt  |9 25 
072 7 |a 821-93  |x Literatura pro děti a mládež (beletrie)  |2 Konspekt  |9 26 
080 |a 821-93  |2 MRF 
080 |a 821.162.3-32  |2 MRF 
080 |a (0:82-32)  |2 MRF 
100 1 |a Lamková, Hana,  |d 1934-  |7 jk01071444  |4 aut 
245 1 0 |a Káťa a Škubánek /  |c [napsala] Hana Lamková, [námět] Josef Lamka, Libuše Koutná ; [podle kresleného filmu Věry Marešové ilustrovala Marcela Walterová] 
250 |a 2. vyd. 
260 |a Praha :  |b Albatros,  |c 2007 
300 |a 59, [7] s. :  |b barev. il. ;  |c 27 cm 
490 1 |a Ahoj děti - Dobrou noc 
521 8 |a Pro děti od 5 let 
655 7 |a české příběhy  |7 fd133973  |2 czenas 
655 7 |a publikace pro děti  |7 fd133156  |2 czenas 
655 9 |a Czech stories  |2 eczenas 
655 9 |a children's literature  |2 eczenas 
700 1 |a Lamka, Josef,  |d 1931-2009  |7 jk01071443  |4 ccp 
700 1 |a Koutná, Libuše  |7 mzk2005318091  |4 ccp 
700 1 |a Walterová, Marcela,  |d 1949-  |7 ola20040402001  |4 ill 
830 0 |a Ahoj děti - Dobrou noc  |0 s 
856 4 1 |u http://www.digitalniknihovna.cz/mzk/uuid/uuid:61b9c5f0-b1e6-11e9-8fdf-005056827e52  |y Digitalizovaný dokument  |x NDK 
910 2 |a BOA001  |b 3-1197.057 
990 |a BK 
995 |a 01 
991 |b 200801 
996 6 |b 2610329470  |c 3-1197.057  |l MZK  |r Sklad / do 1 hodiny  |n 2  |p p.v.  |w 000880171  |u 000010  |a 1  |e BOA001  |j MZK50  |s P